01602nam a2200289 a 450000100100000000500170001000800410002704000250006808200270009311000320012024000190015224500490017125000220022026000740024230000200031659000260033665100490036265100610041165100560047291000380052895201250056695201370069195201370082895201370096595201930110299900170129500003165420200930063100.0110629s1947 dr 000 0 spa d aDO-SdBNPbspacBNPHU a342.729303bR426c,19472 aRepública Dominicana944710aConstitución10aConstitución de la República Dominicana. aEdición oficial aCiudad Trujillo, República Dominicana :bEditora del Caribe,c1947. a41 p. ;c21 cm. aInventariado, 2019/VM 4aRepública DominicanaxConstitución91008 4aRepública DominicanaxReformas Constitucionales935781 4aRepública DominicanazDerecho Constitucional9449 aValidado. Control de calidad. MFF 001050718RVaPDbPDcHDd2011-06-29iLF1l0o342.729303 R426c,1947p31654-10r2020-06-25w2020-06-25y1ZNo se presta 001054708RVaGRbGRcHDd2011-10-13iLF2l0o342.729303 R426c,1947p31654-30r2020-06-25te. 3w2020-06-25y4ZPréstamo en sala 001054708RVaGRbGRcHDd2011-10-13iLF2l0o342.729303 R426c,1947p31654-40r2020-06-25te. 4w2020-06-25y4ZPréstamo en sala 001054708RVaGRbGRcHDd2011-11-21iLF2l0o342.729303 R426c,1947p31654-50r2020-06-25te. 5w2020-06-25y4ZPréstamo en sala 001050718RVaPDbPDcHDd2011-07-14iLF2l0o342.729303 R426c,1947p31654-20r2020-06-25te. 2w2020-06-25y1zPerteneció a la biblioteca personal de Francisco E. Beras.ZNo se presta c31146d31146